اثر تطوير مهارات الاتصال الرياضي في تنمية التفكير الرياضي والتحصيل في الرياضيات لدى طالبات الصف العاشر الاساسي=The Effect of Developing Mathematical Communication Skills on Enhancing the Mathematical thinking and Mathematics Achievement of Tenth Grade Students / (Record no. 29385)
[ view plain ]
| 000 -LEADER | |
|---|---|
| fixed length control field | 01438nam a2200241Ii 4500 |
| 003 - CONTROL NUMBER IDENTIFIER | |
| control field | JO-AjNU |
| 005 - DATE AND TIME OF LATEST TRANSACTION | |
| control field | 20240630094844.0 |
| 008 - FIXED-LENGTH DATA ELEMENTS--GENERAL INFORMATION | |
| fixed length control field | 230605s9999||||xx |||||||||||||| ||und|| |
| 040 ## - CATALOGING SOURCE | |
| Original cataloging agency | JO-AjNU |
| Language of cataloging | ara |
| Description conventions | rda |
| Transcribing agency | JO-AjNU |
| 041 ## - LANGUAGE CODE | |
| Language code of text/sound track or separate title | ara |
| 050 14 - LIBRARY OF CONGRESS CALL NUMBER | |
| Classification number | LB164602012 |
| 100 #1 - MAIN ENTRY--PERSONAL NAME | |
| Personal name | الحسبان، منال عبد ربه السعد |
| Relator term | معد |
| 9 (RLIN) | 65893 |
| 245 00 - TITLE STATEMENT | |
| Title | اثر تطوير مهارات الاتصال الرياضي في تنمية التفكير الرياضي والتحصيل في الرياضيات لدى طالبات الصف العاشر الاساسي=The Effect of Developing Mathematical Communication Skills on Enhancing the Mathematical thinking and Mathematics Achievement of Tenth Grade Students / |
| Statement of responsibility, etc. | اعداد منال عبد ربه السعد الحسبان؛ اشراف خميس موسى نجم |
| 264 31 - PRODUCTION, PUBLICATION, DISTRIBUTION, MANUFACTURE, AND COPYRIGHT NOTICE | |
| Place of production, publication, distribution, manufacture | جامعة ال البيت: كلية العلوم التربوية،2012 |
| 300 ## - PHYSICAL DESCRIPTION | |
| Extent | 75 ورقة |
| 336 ## - CONTENT TYPE | |
| Content type term | text |
| Content type code | txt |
| Source | rdacontent |
| 337 ## - MEDIA TYPE | |
| Media type term | unmediated |
| Media type code | n |
| Source | rdamedia |
| 338 ## - CARRIER TYPE | |
| Carrier type term | volume |
| Carrier type code | nc |
| Source | rdacarrier |
| 500 ## - GENERAL NOTE | |
| General note | رسالة جامعية( ماجستير في مناهج الرياضيات واساليب التدريس)--جامعة ال البيت، كلية العلوم التربوية(المفرق)، 2012، يشتمل على جداول توضيحية |
| 650 #4 - SUBJECT ADDED ENTRY--TOPICAL TERM | |
| Topical term or geographic name entry element | الرياضيات - تعليم |
| 9 (RLIN) | 57590 |
| 700 #1 - ADDED ENTRY--PERSONAL NAME | |
| Personal name | نجم، خميس موسى |
| Relator term | مشرف |
| 9 (RLIN) | 65895 |
| 942 ## - ADDED ENTRY ELEMENTS (KOHA) | |
| Source of classification or shelving scheme | Library of Congress Classification |
| Koha item type | Thesis |
| Withdrawn status | Lost status | Source of classification or shelving scheme | Damaged status | Not for loan | Home library | Current library | Shelving location | Date acquired | Total Checkouts | Full call number | Barcode | Date last seen | Price effective from | Koha item type |
|---|---|---|---|---|---|---|---|---|---|---|---|---|---|---|
| Library of Congress Classification | مكتبة جامعة عجلون الوطنية | مكتبة جامعة عجلون الوطنية | المراجع | 06/06/2023 | LB164602012 | A25817 | 06/06/2023 | 06/06/2023 | Thesis |